Statistics for WWE Intercontinental Champions Quiz

Click here to take the quiz!

General Stats

  • This quiz has been taken 755 times
    (45 since last reset)
  • The average score is 55 of 89

Answer Stats

LYWAnswerReigns% Correct
2022Gunther1
96%
2024Sami Zayn4
96%
2002Triple H5
96%
2018Seth Rollins2
92%
2009Chris Jericho9
88%
2003Randy Orton1
88%
2017Roman Reigns1
88%
1997The Rock2
88%
1992Bret "The Hitman" Hart2
85%
2018Dean Ambrose3
85%
1999Goldust3
85%
2020Jeff Hardy5
85%
1995Shawn Michaels3
85%
2012Cody Rhodes2
81%
1983Don Muraco2
81%
2004Edge5
81%
2002Kane2
81%
1997Owen Hart2
81%
2009Rey Mysterio2
81%
1997"Stone Cold" Steve Austin2
81%
2018Dolph Ziggler6
77%
2018The Miz8
77%
2016Zack Ryder1
77%
2020Big E2
73%
2012Big Show1
73%
2019Bobby Lashley2
73%
2002Chris Benoit4
73%
2009John "Bradshaw" Layfield1
73%
2016Kevin Owens2
73%
2021Shinsuke Nakamura2
73%
1989The Ultimate Warrior2
73%
2020A.J. Styles1
69%
2012Christian4
69%
2009CM Punk1
69%
2015Daniel Bryan1
69%
2009Drew McIntyre1
69%
2000Kurt Angle1
69%
1986"Macho Man" Randy Savage1
69%
1995Razor Ramon4
69%
2015Wade Barrett5
69%
1979Pat Patterson1
65%
1989"Ravishing" Rick Rude1
65%
2022Ricochet1
65%
1987The Honky Tonk Man1
65%
2002Eddie Guerrero2
62%
2005Ric Flair1
62%
2006Shelton Benjamin3
62%
2019Finn Balor2
58%
2012Kofi Kingston4
58%
2000Chyna2
54%
1994Diesel1
54%
1999Jeff Jarrett6
54%
2014Luke Harper1
54%
1981Pedro Morales2
54%
1987Ricky "The Dragon" Steamboat1
54%
2015Ryback1
54%
1992The British Bulldog1
54%
2007Umaga2
54%
2003Booker T1
50%
2020Braun Strowman1
50%
1990Mr. Perfect2
50%
2006Rob Van Dam6
50%
2008Santino Marella2
50%
2008William Regal2
50%
2021Apollo Crews1
46%
2000Billy Gunn1
46%
1999Road Dogg1
46%
1996Ahmed Johnson1
42%
1995Dean Douglas1
42%
1998Ken Shamrock1
42%
1992"Rowdy" Roddy Piper1
42%
2000Val Venis2
42%
2013Curtis Axel1
38%
1999D'Lo Brown1
38%
1984Greg "The Hammer" Valentine1
38%
2009John Morrison3
38%
2001Lance Storm1
38%
1993Marty Jannetty1
38%
2000Rikishi1
38%
1992The Mountie1
38%
1990The Texas Tornado1
38%
1985Tito Santana2
38%
2001Albert1
35%
2005Carlito1
35%
2011Ezekial Jackson1
35%
1996Marc Mero1
35%
1980Ken Patera1
31%
2001Test1
31%
1999The Godfather1
31%

Score Distribution

Percentile by Number Answered

Percent of People with Each Score

Your Score History

You have not taken this quiz since the last reset